[Event "FRA-chT"]
[Site "France"]
[Date "1998.11.15"]
[Round "3"]
[White "Verat, Laurent"]
[Black "Winants, Luc"]
[Result "0-1"]
[WhiteElo "2255"]
[BlackElo "2480"]

1.d4 Nf6 2.c4 e6 3.g3 Bb4+ 4.Nd2 c5 5.a3 Bxd2+ 6.Qxd2 cxd4 7.Nf3 Nc6 8.Nxd4 Na5
9.Qb4 d5 10.Nb5 Nc6 11.Qa4 O-O 12.Bg2 d4 13.c5 e5 14.Nd6 Qc7 15.O-O Bd7 16.b4 Ne7
17.Qc2 Bc6 18.f4 Bxg2 19.Kxg2 Ned5 20.e4 dxe3 21.fxe5 Qc6 22.Kg1 Ng4 23.b5 Qd7
24.Qe4 Qe6 25.Nf5 Qxe5 26.Qxe5 Nxe5 27.Bxe3 Nxe3 28.Nxe3 Rac8 29.Rac1 Nd3
30.Rc3 Nxc5 31.Rfc1 b6 32.Nf5 Rce8 33.Nd4 f5 34.Nc6 Rf7 35.Rc4 Rd7 36.Rd4 Rxd4
37.Nxd4 Re3 38.Nxf5 Rxa3 39.Re1 Rd3 40.g4 g6 41.Ne7+ Kg7 42.g5 Rd7 43.Nc6 Rc7
44.Ra1 Kf7 45.Rxa7 Rxa7 46.Nxa7 Ke6 47.Nc8 Nd7 48.Kf2 Kd5 49.Ke3 Kc5 50.Ke4 Kxb5
51.Kd5 Ka5 52.Ke6 Nc5+ 53.Kf7 Ne4 54.h4 b5 55.Ne7 Ka4 56.Nc6 Nd6+ 57.Kg7 Nf5+
58.Kxh7 Nxh4 59.Kg7 b4 60.Ne5 b3  0-1

[Event "ISR-ch"]
[Site "Ramat Aviv"]
[Date "1998.11.15"]
[Round "4.2"]
[White "Mikhalevski, Victor"]
[Black "Psakhis, Lev"]
[Result "1/2-1/2"]
[WhiteElo "2540"]
[BlackElo "2560"]

1.d4 e6 2.c4 Nf6 3.g3 Bb4+ 4.Nd2 c5 5.a3 Bxd2+ 6.Qxd2 cxd4 7.Nf3 b6 8.Bg2 Bb7
9.Qxd4 Nc6 10.Qd3 Ne5 11.Qc3 Nxf3+ 12.Bxf3 Bxf3 13.Qxf3 Rc8 14.b3 d5 15.cxd5 Qxd5
16.Qxd5 Nxd5 17.Bb2 f6 18.Kd2 Ne7 19.Rhc1 Kd7 20.Rxc8 Rxc8 21.g4 e5 22.Rc1 Rxc1
23.Bxc1 Nc6 24.Bb2 Ke6 25.Kd3 b5 26.Bc3 f5 27.f3 g6 28.a4 a6 29.axb5 axb5
30.g5 Kd5 31.e4+ Ke6 32.Ke3 b4 33.Bd2 f4+ 34.Kd3 Na5 35.Kc2 Nc6 36.Kd3 Na5
37.Kc2  1/2-1/2

[Event "Bad Zwesten op"]
[Site "Bad Zwesten"]
[Date "1998.??.??"]
[Round "2"]
[White "Sand, Rolf"]
[Black "Schmittdiel, Eckhard"]
[Result "1/2-1/2"]
[WhiteElo "2100"]
[BlackElo "2450"]

1.d4 Nf6 2.c4 e6 3.g3 Bb4+ 4.Bd2 Bxd2+ 5.Qxd2 O-O 6.Bg2 d6 7.Nf3 Nbd7 8.Nc3 Qe7
9.O-O e5 10.Rad1 h6 11.dxe5 dxe5 12.Nh4 Nb6 13.b3 e4 14.Bh1 Bh3 15.Rfe1 Rad8
16.Qe3 Rde8 17.Ng2 c6 18.Qf4 Qb4 19.Qc1 Bxg2 20.Bxg2 e3 21.f3 Re7 22.Rd4 Nbd5
23.Nxd5 cxd5 24.Bh3 b5 25.Red1 dxc4 26.bxc4 Rc7 27.Qxe3 bxc4 28.Qd2 Qb6 29.Kg2 c3
30.Qc2 Qb2 31.Rc1 Rb8 32.Rd3 Qxc2 33.Rxc2 g6 34.Rcxc3 Rxc3 35.Rxc3 Rb2 36.Ra3 Rxe2+
37.Kg1 Re7 38.Kf2 Kf8 39.Bf1 Rc7 40.Bd3 Ke7 41.Ra5 Nd7 42.Be4 Nc5 43.Ke3 Kd6
44.Kd4 g5 45.Bf5 f6 46.Bg4 a6 47.Bf5 Rc6 48.Bg4 Ne6+ 49.Bxe6 Kxe6 50.h4 Rd6+
51.Ke3 Kf7 52.hxg5 hxg5 53.f4 Kg6 54.fxg5 fxg5 55.g4 Rf6  1/2-1/2

[Event "Oberliga Bayern9798"]
[Site "Bayern"]
[Date "1998.??.??"]
[Round "?"]
[White "Bromberger, Stefan"]
[Black "Wiemer, Peter"]
[Result "1-0"]
[WhiteElo "2240"]
[BlackElo "2190"]

1.d4 Nf6 2.c4 e6 3.g3 Bb4+ 4.Bd2 Qe7 5.Bg2 O-O 6.Nf3 Ne4 7.a3 Bxd2+ 8.Nfxd2 Nxd2
9.Nxd2 d6 10.O-O e5 11.dxe5 dxe5 12.Qc1 a5 13.Qc3 a4 14.c5 Ra6 15.Rac1 Nc6
16.Bxc6 Rxc6 17.Qb4 b6 18.Qxa4 Rxc5 19.Qb4 Qd8 20.Rxc5 bxc5 21.Qc3 Bh3 22.Rc1 Qd5
23.f3 Rb8 24.Ne4 Rb3 25.Qxc5 Qxc5+ 26.Rxc5 Rxb2 27.Kf2 h6 28.Rxc7 Bf5 29.Rc4 Ra2
30.a4 Bxe4 31.Rxe4 f6 32.g4 Kf7 33.Ke3 Ke6 34.f4 Kd5 35.fxe5 fxe5 36.Kf3 Ra3+
37.e3 Ra1 38.Rb4 e4+ 39.Rxe4 Rf1+ 40.Kg2 Re1 41.Rd4+ Ke5 42.Kf3 Rh1 43.h4 Rxh4
44.Kg2 h5 45.a5 hxg4 46.a6 Rh8 47.a7 Ra8 48.Ra4 Kd6 49.Kg3 Kc7 50.e4 Kb7
51.e5  1-0

[Event "Beersheba-St Petersburg"]
[Site "Beersheba"]
[Date "1998.??.??"]
[Round "2"]
[White "Huzman, Alexander"]
[Black "Lugovoi, Aleksei"]
[Result "1/2-1/2"]
[WhiteElo "2610"]
[BlackElo "2540"]

1.d4 Nf6 2.c4 e6 3.g3 Bb4+ 4.Bd2 Be7 5.Bg2 d5 6.Nf3 O-O 7.O-O b6 8.cxd5 exd5
9.Nc3 Bb7 10.Rc1 Nbd7 11.Bf4 c6 12.Qb3 Re8 13.Rfd1 Bf8 14.e4 Nxe4 15.Nxe4 Rxe4
16.Ne5 Nxe5 17.Bxe4 Ng6 18.Bxg6 hxg6 19.h4 Qd7 20.Qf3 f6 21.Be3 Qf7 22.Re1 Rc8
23.Qg4 c5 24.Bd2 Rd8 25.Qe6 Qxe6 26.Rxe6 Kf7 27.Ree1 Rd7 28.Be3 c4 29.Bd2 a5
30.f3  1/2-1/2

[Event "Beersheba-St Petersburg"]
[Site "Beersheba"]
[Date "1998.??.??"]
[Round "9"]
[White "Mikhalevski, Victor"]
[Black "Yemelin, Vasily"]
[Result "1/2-1/2"]
[WhiteElo "2545"]
[BlackElo "2485"]

1.d4 Nf6 2.c4 e6 3.g3 Bb4+ 4.Nd2 c5 5.a3 Bxd2+ 6.Qxd2 cxd4 7.Nf3 b6 8.Bg2 Bb7
9.Qxd4 Nc6 10.Qh4 Rc8 11.Bg5 Na5 12.Rc1 h6 13.O-O O-O 14.Bxf6 Qxf6 15.Qxf6 gxf6
16.Nd2 Bxg2 17.Kxg2 Rfd8 18.Rfd1 Kf8 19.e4 Rc7 20.b4 Nb7 21.Nf1 Ke7 22.Ne3 Rdc8
23.Rd4 a5 24.Rb1 axb4 25.axb4 Ra8 26.Rb2 Nd8 27.Rd1 Ra4 28.h4 Rc8 29.Rbd2 Rc7
30.b5 Nb7 31.h5 Na5 32.Ng4 Nxc4 33.Re2 Ne5 34.Nxh6 Kf8 35.f4 Kg7 36.Nf5+ exf5
37.fxe5 Rxe4 38.exf6+ Kxf6 39.Rf2 Rc5 40.Rxd7 Rxb5 41.Rd8 Kg5 42.Rf8 Kxh5
43.Rxf7 Kg6 44.Rf8 Rd5 45.Rb8 b5 46.Rb2 Ree5 47.Kf3 Kf7 48.Rb6 Rc5 49.Rh2 Re6
50.Rb7+ Kf6 51.Rb2 Ree5 52.Rb6+ Kf7 53.Rh2 Re6 54.Rb7+ Kf6 55.Rb2 Rc3+ 56.Kf2 Ree3
57.R2xb5 Rf3+ 58.Ke2 Rce3+ 59.Kd2 Rxg3 60.R5b6+ Ke5  1/2-1/2

[Event "Besancon op"]
[Site "Besancon"]
[Date "1998.??.??"]
[Round "?"]
[White "Ivanov, Mikhail M"]
[Black "Berend, Elvira S"]
[Result "1/2-1/2"]
[WhiteElo "2455"]
[BlackElo "2355"]

1.d4 Nf6 2.c4 e6 3.g3 Bb4+ 4.Nd2 d5 5.Bg2 O-O 6.Nf3 Be7 7.O-O Nbd7 8.Qc2 c5
9.cxd5 exd5 10.dxc5 Nxc5 11.Nb3 Nce4 12.Be3 Bd7 13.Rac1 Bd6 14.Qd3 Qe7 15.Na5 Rfb8
16.a3 Qe8 17.Nd4 b6 18.Nab3 Rc8 19.Nd2 Rxc1 20.Rxc1 Rc8 21.Rxc8 Bxc8 22.b4 Bd7
23.Nxe4 dxe4 24.Qa6 Bb8 25.Qb7 h6 26.b5 Bd6 27.a4 Qe5 28.Qa8+ Kh7 29.Nc2 Bc5
30.Bxc5 Qxc5 31.Ne3 Qc1+ 32.Nf1 e3 33.fxe3 Qc7 34.h3 Be6 35.Qf8 Bc4 36.Bf3 Be6
37.Kg2 h5 38.Qb4 Qd7 39.Qh4 Kh6 40.Qf4+ Kh7 41.Qh4 Kh6 42.Qf4+ Kh7 43.h4 Bh3+
44.Kf2 Bxf1 45.Kxf1 Qe7 46.Qb8 g6 47.e4 Nxe4 48.Bxe4 Qxe4 49.Qxa7 Qb1+ 50.Kg2 Qe4+
51.Kg1 Qd4+ 52.Kf1 Qd1+ 53.Kf2 Qd4+ 54.e3 Qd2+ 55.Kf3 Qd5+ 56.e4 Qd3+ 57.Kf4 Qd6+
58.Kf3 Qd3+ 59.Kf2 Qd2+ 60.Kf3 Qd3+  1/2-1/2

[Event "Biel op"]
[Site "Biel"]
[Date "1998.??.??"]
[Round "1"]
[White "Tukmakov, Vladimir B"]
[Black "Wege, Jochen"]
[Result "1-0"]
[WhiteElo "2610"]
[BlackElo "2180"]

1.d4 Nf6 2.c4 e6 3.g3 Bb4+ 4.Bd2 Qe7 5.Bg2 O-O 6.Nc3 Nc6 7.a3 Bxc3 8.Bxc3 d6
9.e4 e5 10.d5 Nd8 11.Ne2 g6 12.O-O b6 13.f4 Ng4 14.Qd2 exf4 15.gxf4 f6 16.e5 fxe5
17.h3 Nh6 18.fxe5 Nf5 19.e6 c6 20.Nd4 cxd5 21.Nxf5 gxf5 22.cxd5 h5 23.Qh6 Qh7
24.Qg5+  1-0

[Event "Bucharest Fest IM (Women)"]
[Site "Bucharest"]
[Date "1998.??.??"]
[Round "?"]
[White "Grigorieva, Angela"]
[Black "Kalinina, Vladislava"]
[Result "0-1"]
[WhiteElo "2155"]
[BlackElo "2165"]

1.d4 Nf6 2.c4 e6 3.g3 Bb4+ 4.Bd2 Qe7 5.Bg2 Bxd2+ 6.Nxd2 d6 7.e3 Nbd7 8.Ne2 c6
9.O-O O-O 10.Qc2 Rd8 11.Rab1 Nf8 12.b4 e5 13.d5 Bg4 14.Nc3 Rac8 15.e4 cxd5
16.cxd5 Bd7 17.Qd3 Ne8 18.f4 exf4 19.gxf4 Ng6 20.Nb3 Nf6 21.Na5 b6 22.Nc4 Nh5
23.Ne2 Bg4 24.f5 Bxe2 25.Qxe2 Ngf4 26.Qg4 Nxg2 27.Qxg2 Re8 28.Nd2 Qe5 29.Kh1 Rc1
30.Rbxc1 Nf6 31.Rg1 g6 32.fxg6 hxg6 33.Nc4 Qxe4 34.Nxd6 Qxg2+ 35.Rxg2 Re1+
36.Rg1 Rxg1+ 37.Kxg1 Nxd5 38.a3 Kf8 39.Kf2 a6 40.Kf3 Ke7 41.Nc4 Ke6 42.Ke4 b5
43.Nd2 f5+ 44.Kd4 Kd6 45.Nf3 Ne7 46.Nh4 g5 47.Nf3 Nc6+ 48.Ke3 g4 49.Ne1 Ne5
50.Kf4 Ke6 51.Nc2 Nf3 52.h3 Ne5 53.hxg4 fxg4 54.Nd4+ Kd5 55.Nb3 Nc4 56.Nc5 a5
57.Ne4 a4 58.Nc3+ Kc6 59.Nb1  0-1

[Event "Castellaneta op"]
[Site "Castellaneta"]
[Date "1998.??.??"]
[Round "3"]
[White "Ulibin, Mikhail"]
[Black "Skembris, Spyridon"]
[Result "1/2-1/2"]
[WhiteElo "2575"]
[BlackElo "2490"]

1.d4 Nf6 2.c4 e6 3.g3 Bb4+ 4.Bd2 Bxd2+ 5.Qxd2 O-O 6.Bg2 d5 7.Nf3 Nbd7 8.Qc2 b6
9.cxd5 Nxd5 10.O-O c5 11.Na3 Bb7 12.Rfd1 Qe7 13.e4 Nb4 14.Qe2 Rfd8 15.e5 Rac8
16.Nb5 Ba6 17.a4 h6 18.Qe4 cxd4 19.Nfxd4 Nc5 20.Qe2 Bxb5 21.axb5 Rxd4 22.Rxd4 Nb3
23.Rxa7 Qxa7 24.Rxb4  1/2-1/2

[Event "POL-ch sf"]
[Site "Czestochowa"]
[Date "1998.??.??"]
[Round "4"]
[White "Socko, Bartosz"]
[Black "Jedynak, Radoslaw"]
[Result "1/2-1/2"]
[WhiteElo "2475"]
[BlackElo "2220"]

1.d4 e6 2.c4 Nf6 3.g3 Bb4+ 4.Bd2 Qe7 5.Bg2 Nc6 6.Nf3 O-O 7.O-O Bxd2 8.Nbxd2 d6
9.e4 e5 10.d5 Nb8 11.Ne1 Nbd7 12.Qc2 a5 13.Nd3 b6 14.f4 Nc5 15.f5 g5 16.Nf2 h6
17.b3 Bd7 18.Bf3 b5 19.cxb5 Bxb5 20.Rfe1 Rfb8 21.Rab1 Kg7 22.Kg2 c6 23.a4 Ba6
24.dxc6 Rb4 25.Be2 Qc7 26.Bxa6 Rxa6 27.Nd3 Nxd3 28.Qxd3 Rxc6 29.Nc4 Rcxc4
30.bxc4 Rxc4 31.Re2 Qc6 32.Rb6 Qxb6 33.Qxc4 Qb1 34.h3 Qd1 35.Rb2 Qe1 36.Re2 Qd1
37.g4 d5 38.Qc2 Qa1 39.Qb2 Qd1 40.Rd2 Qxa4 41.Qxe5 dxe4 42.Qc3 e3 43.Qxe3 Qc6+
44.Qf3 Qc4 45.Qd3 Qc6+ 46.Kg1 a4 47.Rc2 Qb6+ 48.Kg2 Qb7+ 49.Kh2 Qb8+ 50.Kg2 Qb7+
51.Kh2 Qb8+ 52.Qg3 Qb1 53.Re2 Qb4 54.Qd3 Qb8+ 55.Kg1 Qb6+ 56.Kf1 Qc6 57.Kg1 Qc1+
58.Kh2 Qc7+ 59.Qg3 Qc4 60.Rb2 Qd4 61.Rc2 Qe4 62.Qc3 Qf4+ 63.Kg1 Qd6 64.Rd2 Qb6+
65.Qd4 Qb1+ 66.Rd1 Qb5 67.Rd3 Qb1+ 68.Kh2 Qb8+ 69.Kg2 Qb7+ 70.Kf2 Qc7 71.Qxa4 Qh2+
72.Ke1 Qg1+ 73.Kd2 h5 74.gxh5 Qf2+ 75.Kc1 Qf1+ 76.Kc2 Qf2+ 77.Kc1 Qf1+ 78.Qd1 Qxf5
79.Qf3 Qxf3 80.Rxf3 Nxh5 81.Kd2 Kg6 82.Ke1 f5 83.Ra3 Nf4 84.Kf2 g4 85.hxg4 fxg4
86.Kg3 Ne6 87.Kxg4 Kf6 88.Ra5 Nd4 89.Kf4 Ne6+ 90.Ke4 Ng5+ 91.Kd5 Kf5 92.Ra1 Kf4
93.Rf1+ Nf3 94.Rxf3+  1/2-1/2

[Event "POL-ch sf"]
[Site "Czestochowa"]
[Date "1998.??.??"]
[Round "8"]
[White "Gawronski, Miroslaw"]
[Black "Jedynak, Radoslaw"]
[Result "1-0"]
[WhiteElo "2155"]
[BlackElo "2220"]

1.d4 e6 2.c4 Nf6 3.g3 Bb4+ 4.Bd2 Bxd2+ 5.Qxd2 O-O 6.Bg2 d6 7.Nc3 Nbd7 8.e4 e5
9.d5 a5 10.Nge2 Nc5 11.O-O Ng4 12.f3 Nh6 13.g4 f6 14.Ng3 Nf7 15.b3 c6 16.Rab1 Qb6
17.Qf2 Qb4 18.Nce2 cxd5 19.exd5 Bd7 20.Nc1 f5 21.gxf5 Nh6 22.Bh3 Nxf5 23.Bxf5 Bxf5
24.Rb2 Bh3 25.Re1 Rxf3 26.Qe2 Raf8 27.Rc2 h5 28.a3 Qb6 29.b4 axb4 30.axb4 Ne4+
31.c5 Nxg3 32.Qxf3 Rxf3 33.cxb6 Ne4 34.Rc4 Nf6 35.Rc7 Ng4 36.Rc2 e4 37.Ne2 Ne5
38.Nd4 e3 39.Rce2 Rf4 40.Rxe3 Bg4 41.Ne6 Nf3+ 42.Kf2 Rf5 43.Rc1 Ne5+ 44.Kg3 Bf3
45.Rc7 Bxd5 46.Rxg7+ Kh8 47.Re7 Rf6 48.Nc7 h4+ 49.Kxh4 Bf3 50.Re6 Rf4+ 51.Kg3 Rg4+
52.Kf2 Rf4 53.Ke1 Rxb4 54.Rxd6  1-0

[Event "Oberliga Ost B9899"]
[Site "GER"]
[Date "1998.??.??"]
[Round "?"]
[White "Klee, Mario"]
[Black "Cordes, Hans Joerg"]
[Result "0-1"]
[WhiteElo "2145"]
[BlackElo "2310"]

1.d4 Nf6 2.c4 e6 3.g3 Bb4+ 4.Bd2 Qe7 5.Bg2 Nc6 6.Nf3 O-O 7.O-O Bxd2 8.Nbxd2 d6
9.e4 e5 10.d5 Nb8 11.Ne1 a5 12.Nd3 Na6 13.a3 Nc5 14.Nxc5 dxc5 15.Qc2 a4 16.Rae1 Ne8
17.Qc3 Nd6 18.f3 Bd7 19.Rf2 Rae8 20.Bf1 g5 21.Bd3 f6 22.g4 Nf7 23.Nf1 Nh8
24.Ng3 Ng6 25.Nh5 Nh4 26.h3 Kh8 27.Kf1 Rg8 28.Ke2 Rg6 29.Rh1 Rh6 30.Ng3 Ng6
31.Rfh2 Nf4+ 32.Kf2 Rh4 33.Ne2 b6 34.Nxf4 gxf4 35.Kg2 Qg7 36.Qe1 Qg5 37.Kf2 Re7
38.Be2 h5 39.Qg1 Rg7 40.Rg2 Qh6 41.gxh5 Rxg2+ 42.Qxg2 Rxh5 43.Bf1 Rg5 44.Qh2 Qh4+
45.Ke2 f5 46.Rg1 Rg3 47.Rxg3 fxg3 48.Qg2 f4 49.Kd2 Kg7 50.Qh1 Kg6 51.Bg2 Kh5
52.Kc2 Qf6 53.b3 Kh4 54.Qa1 Qd6 55.Qf1 Qe7 56.Qe1 axb3+ 57.Kxb3 b5 58.cxb5 Bxb5
59.Qc3 Qd6 60.Ka2 Bd7 61.Qc1 c4 62.Qxc4 Bxh3 63.Qf1 Bxg2 64.Qxg2 Qd7 65.Qb2 Kh3
66.Qxe5 g2 67.Qg5 Qh7  0-1

[Event "NRW-Liga 9798"]
[Site "Germany"]
[Date "1998.??.??"]
[Round "8.7"]
[White "Prange, Stefan"]
[Black "Waechtler, Frank"]
[Result "0-1"]
[WhiteElo "2185"]
[BlackElo "2235"]

1.d4 Nf6 2.c4 e6 3.g3 Bb4+ 4.Nd2 d5 5.Nf3 O-O 6.Bg2 c6 7.O-O Nbd7 8.Qc2 Re8
9.Rd1 Qe7 10.e4 e5 11.dxe5 Nxe5 12.exd5 cxd5 13.Nxe5 Qxe5 14.cxd5 Bg4 15.Nf3 Qh5
16.Qb3 Bc5 17.h3 Bxh3 18.Bf4 Bxg2 19.Kxg2 Re2 20.Nd4 Bxd4 21.Rxd4 Ng4 22.Rd2 Qh2+
23.Kf3 Rxd2 24.Bxd2 Qxf2+ 25.Kxg4 Qxd2 26.Rd1 Qe2+ 27.Kh3 Re8 28.Rd4 Qf1+
29.Kg4 h5+ 30.Kxh5 Qh3+ 31.Kg5 Re5+  0-1

[Event "Perenyi mem 2nd"]
[Site "Gyula"]
[Date "1998.??.??"]
[Round "6"]
[White "Jagodzinski, Andreas"]
[Black "Acs, Peter"]
[Result "1-0"]
[WhiteElo "2210"]
[BlackElo "2450"]

1.d4 Nf6 2.c4 e6 3.g3 Bb4+ 4.Nd2 c5 5.a3 Bxd2+ 6.Qxd2 Nc6 7.dxc5 Ne4 8.Qc2 Qa5+
9.Bd2 Nxd2 10.Qxd2 Qxc5 11.Qc3 O-O 12.Nf3 b5 13.cxb5 Qxb5 14.e4 Qh5 15.Be2 Qg6
16.e5 Bb7 17.O-O f6 18.Rfe1 fxe5 19.Nxe5 Qf5 20.f4 Rac8 21.Rac1 d6 22.Bg4 Nxe5
23.Bxf5 Rxc3 24.Bxe6+ Kh8 25.Rxc3 Nf3+ 26.Rxf3 Bxf3 27.Rc1 Bb7 28.Rc7 Rb8
29.Rd7 a5 30.Rxd6 Bf3 31.Bd5 Bxd5 32.Rxd5 Kg8 33.Rxa5 Rxb2 34.Ra7 Ra2 35.a4 Kf8
36.a5 h5 37.a6 Kg8 38.Ra8+ Kh7 39.a7 Kg6 40.f5+ Kf7 41.Kf1 Ra5 42.Ke2 Ra3
43.h3  1-0

[Event "Haarlem AKN op"]
[Site "Haarlem"]
[Date "1998.??.??"]
[Round "3"]
[White "Horvath, Jozsef"]
[Black "Janssen, Ruud"]
[Result "1-0"]
[WhiteElo "2515"]
[BlackElo "2290"]

1.d4 Nf6 2.c4 e6 3.g3 Bb4+ 4.Bd2 Qe7 5.Bg2 Nc6 6.e3 b6 7.Nc3 Bb7 8.Nf3 Na5
9.b3 Ne4 10.Nxe4 Bxe4 11.O-O O-O 12.Bxb4 Qxb4 13.Rc1 c6 14.Bh3 d5 15.Qd2 Qe7
16.Ne5 Rac8 17.f3 Bg6 18.Rfe1 Rfd8 19.c5 Qe8 20.b4 Nb7 21.a4 f6 22.Nxg6 hxg6
23.Qa2 Rc7 24.e4 Re7 25.e5 bxc5 26.dxc5  1-0

[Event "NZD-ch105"]
[Site "Hamilton"]
[Date "1998.??.??"]
[Round "2.4"]
[White "Barlow, Matthew"]
[Black "Green, Peter"]
[Result "1-0"]
[WhiteElo "2170"]
[BlackElo "2245"]

1.d4 Nf6 2.c4 e6 3.g3 Bb4+ 4.Nd2 O-O 5.a3 Bxd2+ 6.Qxd2 d6 7.Bg2 Nbd7 8.b4 Qe7
9.Nf3 Rd8 10.Bb2 Rb8 11.Qc2 b6 12.e4 Bb7 13.Nd2 c5 14.O-O e5 15.d5 Rf8 16.Bc3 Ne8
17.a4 cxb4 18.Bxb4 Nc7 19.a5 Na6 20.Bc3 Rfc8 21.Bh3 Rc7 22.axb6 Nxb6 23.Rfb1 Rc5
24.Rb5 Qc7 25.Rxc5 Qxc5 26.Ra5 Qc7 27.Qa2 Nc5 28.Rxa7 Ra8 29.Rxa8+ Nxa8 30.Qa5 Nb6
31.Qb5 g6 32.Ba5 Nca4 33.Bg4 Qc5 34.Qxc5 dxc5 35.Bd1 Kf8 36.f4 f6 37.Kf2 Ba6
38.Bb3 Ke7 39.Ke1 Kd6 40.Ke2 Bc8 41.Kd3 Bd7 42.Nf3 Be8 43.Kc2 h6 44.h4 Bd7
45.Kb1 Bg4 46.Nd2 Bd7 47.Kc2 exf4 48.gxf4 g5 49.hxg5 hxg5 50.fxg5 fxg5 51.Nf3 g4
52.e5+ Ke7 53.Nh4 g3 54.Kd2 Bg4 55.Ke3 Kf7 56.Ng2 Kg6 57.Nf4+ Kf5 58.e6 Kf6
59.Kd2 Ke7 60.Ke3 Kd6 61.Ke4 Bh5 62.Be1 g2 63.Nxg2 Bg6+ 64.Kf4 Nb2 65.Ne3 Bd3
66.Nf5+ Bxf5 67.Kxf5 N2xc4 68.Bg3+ Ke7 69.Bxc4 Nxc4 70.d6+ Kf8 71.d7  1-0

[Event "Hlohovec op"]
[Site "Hlohovec"]
[Date "1998.??.??"]
[Round "4"]
[White "Kamenets, Anatolij"]
[Black "Priehoda, Vitezslav"]
[Result "1-0"]
[WhiteElo "2250"]
[BlackElo "2390"]

1.d4 Nf6 2.c4 e6 3.g3 Bb4+ 4.Bd2 Be7 5.Bg2 d5 6.Nf3 O-O 7.O-O c6 8.b3 b6
9.Nc3 Bb7 10.Qc2 Nbd7 11.e4 c5 12.exd5 exd5 13.cxd5 Nxd5 14.Nxd5 Bxd5 15.Bc3 Rc8
16.Qb2 Bf6 17.dxc5 Bxc3 18.Qxc3 Rxc5 19.Qd3 Bxf3 20.Qxf3 Ne5 21.Qb7 Rc7 22.Qe4 Ng6
23.Rad1 Qc8 24.Rfe1 Re7 25.Qb4 Rd8 26.h4 Rxd1 27.Rxd1 Rd7 28.Re1 Qd8 29.Bf3 Re7
30.Rd1 Rd7 31.Rxd7 Qxd7 32.Qe4 Nf8 33.Kg2 g6 34.h5 h6 35.hxg6 fxg6 36.Qe5 Qg7
37.Bd5+ Kh7 38.Qe8 Nd7 39.Qe6 Nf6 40.Bc4 Qf8 41.g4 Kg7 42.f3 Qe8 43.Qd6 Qd7
44.Qe5 g5 45.Kf2 Qe8 46.Be6 Qd8 47.Ke2 Kf8 48.b4 Kg7 49.a3 Kf8 50.Ke3 Ke7
51.Bc4+ Kf8 52.Qf5 Qe7+ 53.Kd4 Qd6+ 54.Kc3 Ke7 55.a4 Kd8 56.a5 Kc7 57.Be6 Nd7
58.axb6+ Nxb6 59.Qc5+ Qc6 60.Kd4  1-0

[Event "Heart of Finland op"]
[Site "Jyvaskyla"]
[Date "1998.??.??"]
[Round "?"]
[White "Mertanen, Janne"]
[Black "Sorsa, Nuutti"]
[Result "1/2-1/2"]
[WhiteElo "2180"]
[BlackElo "2250"]

1.d4 e6 2.c4 Nf6 3.g3 Bb4+ 4.Bd2 Be7 5.Bg2 d5 6.Nc3 c6 7.Nf3 O-O 8.O-O b6
9.Ne5 Nfd7 10.Nxd7 Nxd7 11.cxd5 cxd5 12.Bf4 Bb7 13.Nb5 Bc6 14.Qb3 a6 15.Nc3 b5
16.a4 b4 17.Na2 Qa5 18.Nc1 Rfc8 19.Qe3 Qd8 20.g4 Bb7 21.Nd3 Nb6 22.Rfc1 Nc4
23.Qf3 a5 24.b3 Nd6 25.Nc5 Bc6 26.Qe3 Be8 27.Ra2 Rc6 28.Rac2 Rac8 29.Qd3 Qb6
30.e3 Nb7 31.Nxb7 Qxb7 32.Bf1 Bd8 33.Qd2 Rxc2 34.Rxc2 Rxc2 35.Qxc2 Qc6 36.Qc5 Bb6
37.Qe7 Qd7 38.Qh4 Bd8 39.Qh3 Qc8 40.Bd3 g6 41.Qf1 Qc3 42.Qd1 Bc6 43.Kg2 f6
44.Qc2 Qxc2 45.Bxc2 Kf7 46.Kf1 Ke8 47.h4 Kd7 48.Ke2 Be7 49.g5 Bd8 50.Kf3 Be7
51.Kg4 f5+ 52.Kf3 Bd6 53.Bxd6 Kxd6 54.Kf4 Bd7 55.Bd3 Be8 56.Be2 Bd7 57.h5 Be8
58.hxg6 hxg6 59.f3 Bd7 60.Bd3 Be8 61.Be2 Bd7 62.Bf1 Be8 63.Bd3 Bd7 64.Be2  1/2-1/2

[Event "FRA-chB"]
[Site "Meribel"]
[Date "1998.??.??"]
[Round "6"]
[White "Marzolo, Cyril"]
[Black "Vallin, Guillaume"]
[Result "1-0"]
[WhiteElo "2355"]
[BlackElo "2270"]

1.d4 Nf6 2.c4 e6 3.g3 Bb4+ 4.Bd2 Qe7 5.Bg2 O-O 6.e3 Bxd2+ 7.Qxd2 d6 8.Nc3 Nbd7
9.Nge2 c5 10.O-O a6 11.h3 Rb8 12.a4 b6 13.g4 Bb7 14.d5 Ne8 15.Ng3 Nc7 16.Rad1 Ne5
17.b3 Qh4 18.Qe1 exd5 19.f4 d4 20.exd4 Bxg2 21.Kxg2 Nc6 22.Nf5 Qxe1 23.Rfxe1 g6
24.d5 gxf5 25.dxc6 fxg4 26.hxg4 Rfe8 27.Ne4 Kg7 28.Nxd6 Rxe1 29.Rxe1 Kf8
30.Rh1 Rd8 31.Nxf7 Rd4 32.Kf3  1-0

[Event "Miercurea Ciuc op"]
[Site "Miercurea Ciuc"]
[Date "1998.??.??"]
[Round "1"]
[White "Gheng, Josef"]
[Black "Moldovan, Zamfir"]
[Result "1-0"]
[WhiteElo "2350"]
[BlackElo "2150"]

1.d4 Nf6 2.c4 e6 3.g3 Bb4+ 4.Bd2 Qe7 5.a3 Bxd2+ 6.Nxd2 d6 7.Bh3 O-O 8.Qb3 c5
9.Ngf3 cxd4 10.Nxd4 Nc6 11.Nc2 e5 12.Bxc8 Raxc8 13.e4 Nd7 14.Qxb7 Qe6 15.b4 Qh3
16.Ne3 Nd4 17.O-O-O Qe6 18.Qd5 Qe8 19.Kb1 Nb6 20.Qa5 f5 21.Qxa7 Qd8 22.Nxf5 Nxf5
23.exf5 Rxf5 24.c5 Nd5 25.Ne4 Rf7 26.Qa6 dxc5 27.Qc4 cxb4 28.Qxd5 Qb6 29.Qb3 Kh8
30.Rd6 Qb7 31.Qxb4 Qc7 32.Ka1 Rb8 33.Rhd1 Rff8 34.Qc3 Qf7 35.Rd7 Qg6 36.Qxe5 Rbe8
37.Re7 Ra8 38.Rd3 h6 39.h4 Rg8 40.Re6 Qh7 41.g4 Raf8 42.f4 Rb8 43.f5 Rgc8
44.Rc3 Rd8 45.Nd6 Rf8 46.Rc7  1-0

[Event "RUS-Cup02"]
[Site "Moscow"]
[Date "1998.??.??"]
[Round "8"]
[White "Potapov, Alexander"]
[Black "Razuvaev, Yuri S"]
[Result "1/2-1/2"]
[WhiteElo "2475"]
[BlackElo "2555"]

1.d4 Nf6 2.c4 e6 3.g3 Bb4+ 4.Bd2 Be7 5.Bg2 d5 6.Nf3 O-O 7.Qc2 c6 8.O-O b6
9.Nc3 Ba6 10.cxd5 cxd5 11.Rfc1 Bb7 12.a4 Nc6 13.b3 Rc8  1/2-1/2

[Event "EU-ch U16"]
[Site "Murek"]
[Date "1998.??.??"]
[Round "5"]
[White "Loetscher, Roland"]
[Black "Szymanski, Marcin"]
[Result "1/2-1/2"]
[WhiteElo "2080"]
[BlackElo "2295"]

1.d4 e6 2.c4 Nf6 3.g3 Bb4+ 4.Bd2 a5 5.Bg2 d5 6.Nf3 Ne4 7.O-O O-O 8.Qc2 Nc6
9.Bf4 g5 10.Be3 Be7 11.Ne5 Nb4 12.Qc1 f6 13.Nd3 f5 14.Ne5 c6 15.Nc3 Nxc3
16.bxc3 Na6 17.c5 Nb8 18.Nf3 g4 19.Ne5 Nd7 20.Bh6 Nxe5 21.Bxf8 Qxf8 22.dxe5 Bxc5
23.Qg5+ Qg7 24.Qxg7+ Kxg7 25.h3 h5 26.Kh2 b6 27.e3 Ba6 28.Rfd1 a4 29.Bf1 Bxf1
30.Rxf1 a3 31.hxg4 hxg4 32.Kg2 Ra4 33.Rh1 Rc4 34.Rh5 Rxc3 35.Rah1 Rc2 36.Rh7+ Kg8
37.Rh8+ Kg7 38.R1h7+ Kg6 39.Rh6+ Kg7 40.R8h7+ Kg8 41.Rh8+ Kg7  1/2-1/2

[Event "RUS-Cup"]
[Site "Omsk/Perm"]
[Date "1998.??.??"]
[Round "5"]
[White "Ulibin, Mikhail"]
[Black "Rashkovsky, Nukhim N"]
[Result "1-0"]
[WhiteElo "2575"]
[BlackElo "2505"]

1.d4 Nf6 2.c4 e6 3.g3 Bb4+ 4.Bd2 a5 5.Bg2 d5 6.Nf3 Nc6 7.Qc2 dxc4 8.Qxc4 Qd5
9.Qd3 Qe4 10.Qxe4 Nxe4 11.Bxb4 axb4 12.O-O Bd7 13.Rc1 Ke7 14.e3 Ra5 15.Ne1 f5
16.Nd3 Rha8 17.a3 b6 18.f4 R8a7 19.Bxe4 fxe4 20.Nf2 Be8 21.Nxe4 Bg6 22.Ng5 Kd7
23.Nxe6 Kxe6 24.Rxc6+ Kd5 25.Rc1 c5 26.dxc5 bxc5 27.Rd1+ Kc6 28.Kf2 c4 29.Nd2 Bd3
30.Rac1 Kb5 31.axb4 Ra2 32.e4 Rxb2 33.Ke3 Kxb4 34.e5 Ra3 35.Kd4 Be2 36.Nxc4 Bxd1
37.Nxb2 Bg4 38.Nd3+ Kb5 39.Rc7 Bf5 40.Nc5 Ra2 41.Rxg7 Rd2+ 42.Ke3 Rxh2 43.Ne4 Kc6
44.g4  1-0

[Event "Pardubice Czech op"]
[Site "Pardubice"]
[Date "1998.??.??"]
[Round "1"]
[White "Haba, Petr"]
[Black "Fedotov, Aleksandar"]
[Result "1-0"]
[WhiteElo "2570"]
[BlackElo "2300"]

1.d4 Nf6 2.c4 e6 3.g3 Bb4+ 4.Nd2 O-O 5.Bg2 d5 6.Qc2 Nc6 7.Nf3 Ne4 8.O-O Nxd2
9.Bxd2 Bxd2 10.Qxd2 dxc4 11.Qc3 Qd5 12.Rfc1 Na5 13.b4 cxb3 14.Ne5 Qb5 15.axb3 Nxb3
16.Rcb1 Nxd4 17.Qxd4 Qxe2 18.Bf3 Qc2 19.Rc1 Qf5 20.Be4 Qg5 21.Rxc7 f5 22.f4 Qd8
23.Qxd8 Rxd8 24.Bxb7 Bxb7 25.Rxb7 a5 26.Rc1 Rdb8 27.Re7  1-0

[Event "RUS-ch sf"]
[Site "Pskov"]
[Date "1998.??.??"]
[Round "1"]
[White "Potapov, Alexander"]
[Black "Ovchinikova, Julia"]
[Result "1-0"]
[WhiteElo "2475"]
[BlackElo "2200"]

1.d4 Nf6 2.c4 e6 3.g3 Bb4+ 4.Bd2 Bxd2+ 5.Qxd2 d5 6.Bg2 O-O 7.Nf3 Nbd7 8.O-O dxc4
9.Na3 e5 10.Nxc4 exd4 11.Qxd4 Nb6 12.Na5 c6 13.Qxd8 Rxd8 14.Rfd1 Rxd1+ 15.Rxd1 Be6
16.b3 Nbd5 17.Nxb7 Ne4 18.Nd4 Nec3 19.Rd2 Bd7 20.Nc5 Be8 21.Bxd5 Nxd5 22.e4 Ne7
23.f3 Rd8 24.Kf2 f5 25.Nce6 Rd7 26.Ke3 fxe4 27.fxe4 h6 28.Nc5 Rd6 29.Nf5 Nxf5+
30.exf5 Rxd2 31.Kxd2 Kf7 32.Ke3 Ke7 33.Ne4 Bf7 34.Kd4 Bd5 35.Ke5 Bf7 36.g4 Bd5
37.h4 Bf7 38.g5 hxg5 39.hxg5 Bh5 40.g6 a5 41.Nc5 Kf8 42.Nb7  1-0

[Event "San Agustin opJ"]
[Site "San Agustin"]
[Date "1998.??.??"]
[Round "3"]
[White "Franco Alonso, Alejandro"]
[Black "Acs, Peter"]
[Result "0-1"]
[WhiteElo "2165"]
[BlackElo "2450"]

1.d4 Nf6 2.c4 e6 3.g3 Bb4+ 4.Bd2 Be7 5.Bg2 d5 6.Nf3 O-O 7.O-O Nbd7 8.Qc2 c6
9.b3 b6 10.Rd1 Ba6 11.a4 Rc8 12.a5 c5 13.axb6 Qxb6 14.Ba5 Qb8 15.Bc3 Bb7
16.Nbd2 h6 17.Qa2 a6 18.e3 Rfd8 19.Rab1 Qa8 20.Qa1 dxc4 21.bxc4 Bc6 22.Rb3 cxd4
23.exd4 Rb8 24.Rdb1 Rxb3 25.Rxb3 Ne4 26.d5 Nxd2 27.Nxd2 exd5 28.Bxg7 dxc4
29.Bxc6 Qxc6 30.Rb1 Nf6 31.Bxh6 c3 32.Nf1 Ng4 33.Be3 Ne5 34.f4 Nf3+ 35.Kf2 Nd4
36.Bxd4 Rxd4 37.Rb8+ Kh7 38.Qa2 Kg7 39.Qe2 Bc5 40.Qe5+ f6 41.Rb7+ Qxb7 42.Qxc5 Rd3
43.Ne3 Rd2+ 44.Kg1 c2  0-1

[Event "St Petersburg (Women)"]
[Site "St Petersburg"]
[Date "1998.??.??"]
[Round "1"]
[White "Polyakova, Natalia"]
[Black "Rakitskaja, M."]
[Result "0-1"]
[WhiteElo "2215"]
[BlackElo "2160"]

1.d4 Nf6 2.c4 e6 3.g3 Bb4+ 4.Bd2 Qe7 5.Bg2 Nc6 6.a3 Bxd2+ 7.Qxd2 d6 8.Nc3 O-O
9.e3 e5 10.Nd5 Qd8 11.Ne2 Bf5 12.O-O Ne4 13.Qd1 Ne7 14.Ndc3 Nxc3 15.Nxc3 c6
16.b4 Rc8 17.Rc1 f6 18.e4 Bg6 19.Bh3 Rc7 20.Qd2 Bf7 21.d5 cxd5 22.Nxd5 Bxd5
23.exd5 f5 24.c5 Ng6 25.cxd6 Rxc1 26.Qxc1 Qxd6 27.Qc5 Qd7 28.d6 Qe6 29.Rd1 Rd8
30.Bf1 Kh8 31.Qxa7 e4 32.Qxb7 Ne5 33.Qe7 Nf3+ 34.Kg2 Qc8 35.Rc1 Qa8 36.Rc7 Rg8
37.Bb5 Nd4 38.Ra7 Qd5  0-1